000 00864nam a2200205 i 4500
001 13981
003 ES-MaACL
005 20230906150714.0
007 t|
008 980826s1997 sp ||||1| spa d
020 _a84-88921-13-6
080 _a929 Costa, Joaquín (067.5)
245 0 0 _aConmemoración del 150 Aniversario del nacimiento de Joaquín Costa
_b: actos organizados por la Comunidad General de Regantes del Canal de Aragón y Cataluña, Tamarite de Litera, 14 de diciembre de 1996.
260 _aZaragoza :
_bComunidad General de Regantes del Canal de Aragón y Cataluña,
_c[1997]
300 _a89 p. :
_bil. ;
_c30 cm.
600 1 4 _aCosta, Joaquín,
_d1846-1911-
_xAniversarios y centenarios
_941055
710 2 _aComunidad General de Regantes del Canal de Aragón y Cataluña.
_93134
852 _aES-MaACL
_jL-21170
999 _c13981
_d13981